Statistics for Eurovision Song Lyrics - Moldova

Click here to take the quiz!

General Stats

  • This quiz has been taken 10 times
  • The average score is 83 of 141

Answer Stats

Answer% Correct
a
100%
I
100%
in
100%
middle
100%
the
100%
You
90%
you
90%
be
80%
beautiful
80%
happy
80%
of
80%
to
80%
want
80%
your
80%
All
70%
all
70%
angel
70%
art
70%
is
70%
life
70%
My
70%
my
70%
work
70%
with
60%
filled
50%
heart
50%
love
50%
Right
50%
know
40%
around
30%
door
30%
down
30%
for
30%
it
30%
just
30%
like
30%
live
30%
Open
30%
spread
30%
sunshine
30%
Tarara…
30%
world
30%
afraid
20%
changing
20%
don't
20%
eyes
20%
falling
20%
feel
20%
inside
20%
Listen
20%
mind
20%
overnight
20%
voice
20%
wings
20%
it's
10%
Raise
10%
0%
Tararа…
0%

Score Distribution

Percentile by Number Answered

Percent of People with Each Score

Your Score History

You have not taken this quiz